LEADER 00996nam 2200337 450 001 990003662860203316 005 20120518134221.0 010 $a978-0-19-956224-4 035 $a000366286 035 $aUSA01000366286 035 $a(ALEPH)000366286USA01 035 $a000366286 100 $a20120518d2010----km-y0itay50------ba 101 $aeng 102 $aGB 105 $a||||||||001yy 200 1 $a<> substantive law of the EU$ethe four freedoms$fCatherine Barnard 205 $a3 ed. 210 $aOxford$cOxford Univerity press$d2010 215 $aCIII, 674 p.$d24 cm 606 0 $aEuropa$xIntegrazione economica$xDiritto comunitario$2BNCF 676 $a343.2407 700 1$aBARNARD,$bCatherine$0263745 801 0$aIT$bsalbc$gISBD 912 $a990003662860203316 951 $aXXIII.4.K. 602$b73632 G.$cXXIII.4.K.$d00310631 959 $aBK 969 $aGIU 979 $aCHIARA$b90$c20120518$lUSA01$h1342 996 $aSubstantive law of the EU$9746298 997 $aUNISA LEADER 04140nam 22007093 450 001 996509961303316 005 20230317084551.0 010 $a3-8394-6574-5 024 7 $a10.1515/9783839465745 035 $a(CKB)5590000001027288 035 $a(MiAaPQ)EBC7176788 035 $a(Au-PeEL)EBL7176788 035 $a(OCoLC)1369666293 035 $a(NjHacI)995590000001027288 035 $a(DE-B1597)644563 035 $a(DE-B1597)9783839465745 035 $a(EXLCZ)995590000001027288 100 $a20230317d2023 uy 0 101 0 $ager 135 $aurcnu|||||||| 181 $ctxt$2rdacontent 182 $cc$2rdamedia 183 $acr$2rdacarrier 200 10$aInnere Grenzziehungen $eDas Nothilfe-Regime im schweizerischen Asylsystem 205 $a1st ed. 210 1$aBielefeld :$ctranscript,$d2023. 210 4$d©2023. 215 $a1 online resource (219 pages) 225 1 $aKultur und soziale Praxis 311 $a3-8376-6574-7 327 $aFrontmatter -- Inhalt -- 1 EINLEITUNG -- 1.1 Erkenntnisinteresse und Fragestellung -- 1.2 Das Grenzregime -- 1.3 Gliederung -- 1.4 Das Nothilfe-Regime in Zahlen -- 2 THEORETISCHE PERSPEKTIVEN -- 2.1 Die politische Rationalita?t im Nothilfe-Regime -- 2.2 Grenzspektakel: Der Aufbau von Nothilfestrukturen -- 2.3 Totale Institutionen und die Nothilfelager -- 3 ETHNOGRAFISCHE GRENZREGIMEANALYSE -- Einleitung -- 3.1 Feldzugang -- 3.2 Position im Feld -- 3.3 Daten -- 4 SOZIALHILFEAUSSCHLUSS FU?R ABGEWIESENE GEFLU?CHTETE -- Einleitung -- 4.1 Sozialpolitischer Akt: Der Ausschluss -- 4.2 Asylpolitischer Akt: Im Namen der Glaubwu?rdigkeit des Asylsystems -- 4.3 Finanzpolitischer Akt: Mehr als ein kostengu?nstiges Asylwesen -- 4.4 Juristischer Akt: Das Recht auf Hilfe in Notlagen -- 4.5 Schlussfolgerungen -- 5 DIE PRAXIS KANTONALER MIGRATIONSBEHO?RDEN IM NOTHILFE-REGIME -- 5.1 Die politische Rationalita?t kantonaler Migrationsbeho?rden -- 5.2 Grenzspektakel: Die ersten Nothilfelager -- 5.3 Schlussfolgerungen -- 6 LAGER UND LAGERLEBEN -- 6.1 Nothilfelager: Institutionen zur Bescha?digung des Selbst -- 6.2 Bewa?ltigungsstrategien im Nothilfelager und daru?ber hinaus -- 6.3 Schlussfolgerungen -- 7 SCHLUSSDISKUSSION UND AUSBLICK -- Einleitung -- 7.1 Neoliberale politische Rationalita?t -- 7.2 Grenzspektakel und die Da?monisierung der »Anderen« -- 7.3 Lager als konstitutive Orte des Grenzregimes -- 7.4 Einbettung der Forschungsarbeit in aktuellen Entwicklungen der schweizerischen Asylpolitik -- 8 Dank -- VERZEICHNISSE -- Abbildungen -- Quellen -- Literatur. 330 $aNothilfelager sind Orte innerstaatlicher Grenzziehungen im europa?ischen Grenzregime. Sie schließen abgewiesene Geflu?chtete ein und damit aus der Gesellschaft aus. Die Autorin analysiert in einer ethnografischen Studie die herrschende "politische Rationalita?t" von Migrationsbeho?rden bei der Etablierung und Legitimierung des Nothilfe-Regimes. Im Fokus stehen dabei die Nothilfelager, die sie als totale Institutionen beschreibt. Zentral sind zudem die Bewa?ltigungsstrategien abgewiesener Geflu?chteter gegen die Demu?tigungen und Entwu?rdigungen, die der institutionellen Logik der Nothilfelager innewohnen. 410 0$aKultur und soziale Praxis 517 $aInnere Grenzziehungen 606 $aSocial policy 606 $aAsylum, Right of 606 $aHuman rights 610 $aAdministration. 610 $aAsylum. 610 $aBorder. 610 $aCamp. 610 $aCoping. 610 $aCultural Anthropology. 610 $aFleeing. 610 $aMigration. 610 $aPolitics. 610 $aRefugee Studies. 610 $aRefugees. 610 $aRegimes. 615 0$aSocial policy. 615 0$aAsylum, Right of. 615 0$aHuman rights. 676 $a342.083 700 $aMarti$b Simone$01338927 712 02$aSwiss National Science Foundation (SNSF)$4fnd$4http://id.loc.gov/vocabulary/relators/fnd 801 0$bMiAaPQ 801 1$bMiAaPQ 801 2$bMiAaPQ 906 $aBOOK 912 $a996509961303316 996 $aInnere Grenzziehungen$93059202 997 $aUNISA